000 00841nam a22002177a 4500
001 1810
005 20231003102643.0
020 _a9781409514244
040 _aFISKH
_beng
_cFISKH
_dFISKH
082 _a523.2
100 _aBone, Emily
245 _aThe solar system
_cEmily Bone Designed by Helen Edmonds and Will Dawes Illustrated by Terry Pastor and Tim Haggerty Solar System consultant: Stuart Atkinson Readng consultant: Alison Kelly, Principal Lecturer at Roehampton University
260 _aLondon :
_bUsborne,
_c2010
300 _a32 pages :
_bcolor illustrations ;
_c22 cm
490 _aUsborne Beginners
505 _aK
520 _aA simple introduction to the solar system that provides information about the sun, planets, and space exploration.
521 _a580
_bLexile
521 _aK
_bRaz-Plus
942 _2ddc
_cBK
_n0
999 _c1810
_d1810